| 000 | 00470cam a2200181ua 4500 | ||
|---|---|---|---|
| 001 | 521 | ||
| 008 | 110407n ii |||gr||||Z||||||eng | ||
| 040 | _cMAIN | ||
| 082 | _a327.111 | ||
| 245 |
_aPolitics and the economy. _cBy Games E Anderson. |
||
| 250 | _a1st. | ||
| 260 |
_aCalcutta.: _bScientific book agency.,966. |
||
| 300 | _axi, 386 p.:6 cm. | ||
| 653 | _aPolitical science. | ||
| 653 | _aPolitics and the economy. | ||
| 700 | 1 | _aAnderson, Games E., | |
| 942 | _cBK | ||
| 999 |
_c459 _d459 |
||